Sports Quiz

Random Sports or Play Quiz

NBA What Team Do I Play For? Quiz Stats

 Plays Quiz not verified by Sporcle

Score 0/30 Timer 05:00
0 Plays Today
% Correct
Miami Heat
98.8%
San Antonio Spurs
95%
Dallas Mavericks
91.3%
Golden State Warriors
85.1%
Philadelphia 76ers
80.7%
Phoenix Suns
78.3%
Minnesota Timberwolves
75.2%
Boston Celtics
75.2%
Toronto Raptors
73.9%
Los Angeles Lakers
70.2%
Miami Heat
67.7%
Denver Nuggets
67.1%
Miami Heat
65.8%
Washington Wizards
59%
Sacremento Kings
58.4%
% Correct
Houston Rockets
56.5%
Houston Rockets
55.9%
Atlanta Hawks
50.3%
Charlotte Bobcats
49.7%
Toronto Raptors
46%
Golden State Warriors
44.1%
Orlando Magic
41.6%
Denver Nuggets
41%
Chicago Bulls
37.3%
San Antonio Spurs
31.1%
Cleveland Cavaliers
24.8%
Washington Wizards
21.7%
Dallas Mavericks
15.5%
Oklahoma City Thunder
11.8%
Orlando Magic
6.2%

You're not logged in!

Compare scores with friends on all Sporcle quizzes.
OR
Log In

Show Comments

Extras

Top Quizzes Today


Score Distribution

Your Account Isn't Verified!

In order to create a playlist on Sporcle, you need to verify the email address you used during registration. Go to your Sporcle Settings to finish the process.

Report this User

Report this user for behavior that violates our Community Guidelines.

Details: